MARC details
| 000 -LEADER |
| campo de control de longitud fija |
01559nam a2200277Ia 4500 |
| 003 - IDENTIFICADOR DE NÚMERO DE CONTROL |
| campo de control |
OSt |
| 005 - FECHA Y HORA DE LA ÚLTIMA TRANSACCIÓN |
| campo de control |
20240709220822.0 |
| 008 - DATOS DE LONGITUD FIJA--INFORMACIÓN GENERAL |
| campo de control de longitud fija |
130821s1999 ck gr spa |
| 020 ## - NÚMERO INTERNACIONAL ESTÁNDAR DEL LIBRO |
| Número Internacional Estándar del Libro |
9589669700 |
| 040 ## - FUENTE DE CATALOGACIÓN |
| Centro catalogador/agencia de origen |
Co-BoUCM |
| Lengua de catalogación |
spa |
| Centro/agencia transcriptor |
CO-UdeC |
| Centro/agencia modificador |
CO-UdeC |
| Normas de descripción |
AARC |
| 041 00 - CÓDIGO DE IDIOMA |
| Código de lengua del texto/banda sonora o título independiente |
spa |
| 082 04 - NÚMERO DE LA CLASIFICACIÓN DECIMAL DEWEY |
| Número de clasificación |
658.421 |
| Número de ítem |
C822 |
| Información de edición |
20 |
| 110 2# - ENTRADA PRINCIPAL--NOMBRE DE ENTIDAD CORPORATIVA |
| Nombre de entidad corporativa o nombre de jurisdicción como elemento de entrada |
Corporación Calidad |
| 9 (RLIN) |
124234 |
| 245 10 - MENCIÓN DEL TÍTULO |
| Título |
Diálogos sobre gestión : |
| Resto del título |
Investigadores y empresarios encuentran un espacio para compartir sus experiencias / |
| Mención de responsabilidad, etc. |
Corporación Calidad, Colciencias. |
| 260 ## - PUBLICACIÓN, DISTRIBUCIÓN, ETC. |
| Lugar de publicación, distribución, etc. |
Bogotá (Colombia) : |
| Nombre del editor, distribuidor, etc. |
Ediciones Empresariales, |
| Fecha de publicación, distribución, etc. |
1999. |
| 300 ## - DESCRIPCIÓN FÍSICA |
| Extensión |
xi, 129 páginas |
| Dimensiones |
24 cm. |
| 490 #0 - MENCIÓN DE SERIE |
| Mención de serie |
Tertulias |
| 505 00 - NOTA DE CONTENIDO CON FORMATO |
| Nota de contenido con formato |
Gestión empresarial en Colombia: ¿miradas diferentes, una misma realidad? -- El significado de una vida dedicada a construir una organización. Enseñanzas de un empresario exitoso -- Negociaciones interculturales -- La innovación y la cultura de las organizaciones en dos regiones de Colombia -- Destino Colombia: Una aplicación de la planeación por escenarios -- La empresa colombiana entre la tecnocracia y la participación: del taylorismo a la calidad total -- Género, globalización y reestructuración productiva -- La otra cara empresarial de Colombia -- Cómo implementar grandes procesos de transformación en las organizaciones |
| 546 ## - NOTA DE IDIOMA |
| Nota de lengua/lenguaje |
Español. |
| 650 04 - PUNTO DE ACCESO ADICIONAL DE MATERIA--TÉRMINO DE MATERIA |
| Término de materia o nombre geográfico como elemento de entrada |
Cambio organizacional |
| 9 (RLIN) |
7360 |
| 650 04 - PUNTO DE ACCESO ADICIONAL DE MATERIA--TÉRMINO DE MATERIA |
| Término de materia o nombre geográfico como elemento de entrada |
Empresas |
| 9 (RLIN) |
14110 |
| 650 04 - PUNTO DE ACCESO ADICIONAL DE MATERIA--TÉRMINO DE MATERIA |
| Término de materia o nombre geográfico como elemento de entrada |
Gestion industrial |
| Subdivisión geográfica |
Colombia |
| 9 (RLIN) |
16423 |
| 650 04 - PUNTO DE ACCESO ADICIONAL DE MATERIA--TÉRMINO DE MATERIA |
| Término de materia o nombre geográfico como elemento de entrada |
Producción |
| 9 (RLIN) |
22424 |
| 710 ## - ENTRADA AGREGADA--NOMBRE DE ENTIDAD CORPORATIVA |
| Nombre de entidad corporativa o nombre de jurisdicción como elemento de entrada |
Colciencias |
| 9 (RLIN) |
2577 |
| 942 ## - ELEMENTOS DE ENTRADA SECUNDARIOS (KOHA) |
| Tipo de ítem Koha |
Libros |
| Fuente del sistema de clasificación o colocación |
Clasificación Decimal Dewey |
| Parte de la signatura que corresponde a la clasificación (Parte de la clasificación) |
658.421 C822 |